000 00533nam a2200169 i 4500
001 76093
003 ES-MaACL
005 20230906172721.0
007 t|
008 040929s1964 sp ||||1| spa d
100 1 _aGuerre, René.
_960528
245 1 0 _aPastoral y juventud trabajadora
_b: lo esencial de la J.O.C. /
_cRené Guerre ; [traductor, José Mª Zaingui].
260 _aHospitalet :
_bNova Terra,
_c1964.
300 _a197 p. ;
_c17 cm.
700 1 _aZaingui, José María.
_9117856
852 _aES-MaACL
_jC-27049
_bR.54809
999 _c76093
_d76093